La revaluación de los balances y los problemas económicos, fiscales y técnicos (Registro nro. 1945)

Detalles MARC
000 -LEADER
fixed length control field 01467 a2200205 4500
001 - CONTROL NUMBER
control field 29719
005 - DATE AND TIME OF LATEST TRANSACTION
control field 20260407155607.0
008 - FIXED-LENGTH DATA ELEMENTS--GENERAL INFORMATION
fixed length control field 260407a1968 arg spa d
003 - CONTROL NUMBER IDENTIFIER
control field AR-UNSa-BCEJYS
040 ## - CATALOGING SOURCE
Original cataloging agency AR-UNSa-BCEJYS
Language of cataloging spa
Transcribing agency AR-UNSa-BCEJYS
080 ## - UNIVERSAL DECIMAL CLASSIFICATION NUMBER
Universal Decimal Classification number 657.372.2
Common auxiliary subdivision Evaluación (revaluo)
100 1# - MAIN ENTRY--PERSONAL NAME
Personal name Ripa Alberdi, Vicente
245 10 - TITLE STATEMENT
Title La revaluación de los balances y los problemas económicos, fiscales y técnicos
250 ## - EDITION STATEMENT
Edition statement 2a. ed
264 #1 - PRODUCTION, PUBLICATION, DISTRIBUTION, MANUFACTURE, AND COPYRIGHT NOTICE
Place of production, publication, distribution, manufacture Buenos Aires :
Name of producer, publisher, distributor, manufacturer Depalma
Date of production, publication, distribution, manufacture, or copyright notice 1968
300 ## - PHYSICAL DESCRIPTION
Extent 293 p.
Dimensions 23 cm.
505 ## - FORMATTED CONTENTS NOTE
Formatted contents note 1. El examen de las valuaciones patrimoniales y la contabilidad moderna - 2. Valuacion del patrimonio de una hacienda en pleno funcionamiento - 3. Los balances y la economía monetaria - 4. La revalorización de los balances por depreciación de la moneda - 5. Carácter y técnica de la revaluación - 6. El accionista y la revaluación de los balances - 7. La revaluación y el problema fiscal - 8. La revaluación en la legislación comparada - 9. La legislación argentina.Las leyes 15.272 y 17.335 - 10. Análisis teórico-práctico de los rubros activos revaluables según la ley 17335 - 11. Análisis teórico-práctico de los rubros del pasivo cuyo revalúo admite la ley 17.335 - 12. El destino del saldo de revalúo y otros aspectos de la ley 17.335 - 13. El problema impositivo según ls ley 17.335 - 14. El aspecto técnico-contable según la ley 17.335.
590 ## - LOCAL NOTE (RLIN)
Local note niveau_biblio:m niveau_hierar:0
942 ## - ADDED ENTRY ELEMENTS (KOHA)
Koha item type
Existencias
Withdrawn status Lost status Damaged status Not for loan Home library Current library Shelving location Date acquired Total checkouts Full call number Barcode Date last seen Price effective from Koha item type
        Biblioteca Prof. Eusebio Cleto del Rey Biblioteca Prof. Eusebio Cleto del Rey   07/04/2026   657.372.2 R588 2ed. L33227 07/04/2026 07/04/2026 Libro